| 000 | 01617cam a22004694i 4500 | ||
|---|---|---|---|
| 003 | PE-LiUPU | ||
| 005 | 20250731173121.0 | ||
| 008 | 150623s r 000 0 d | ||
| 020 | _a9972755134 | ||
| 035 | _a(Sirsi) i9789972755132 | ||
| 040 |
_aPE-LiUPU _bspa _cPE-LiUPU _erda |
||
| 049 | _aPRUA | ||
| 082 | 0 | 4 |
_a272.2 _bL77 _221 |
| 100 | 1 |
_aLohmann Villena, Guillermo, _eautor. |
|
| 245 | 1 | 0 |
_aInquisidores, Virreyes y Disidentes : _bel Santo Oficio y la sátira política / _cGuillermo Lohmann Villena. |
| 264 | 1 |
_aLima : _bFondo Editorial del Congreso del Perú, _c1999. |
|
| 300 |
_a214 páginas ; _c21 centímetros |
||
| 336 |
_atext _2rdacontent |
||
| 337 |
_aunmediated _2rdamedia |
||
| 338 |
_avolume _2rdacarrier |
||
| 504 | _aIncluye bibliografía. | ||
| 505 | 0 | _aLos protagonistas: tres espíritus rebeldes. -Bajo el signo del rencor. | |
| 526 | _aSEG42 | ||
| 526 | _aSEG41 | ||
| 526 | _aSEG40 | ||
| 526 | _aSEG39 | ||
| 526 | _aP94 | ||
| 526 | _aP87 | ||
| 526 | _aP86 | ||
| 526 | _aP85 | ||
| 526 | _aP77 | ||
| 526 | _aP76 | ||
| 526 | _aP35 | ||
| 650 | 0 | 4 |
_aInquisición _xHistoria. |
| 650 | 0 | 4 |
_aInquisición _zPerú, Lima _xHistoria. |
| 942 |
_2ddc _cBOOK |
||
| 949 |
_a272.2 L77 _wDEWEY _c1 _i49604 _lCCODEBUL1 _mBUL _r0 _sY _tBOOK _u2015-6-24 _xTEOLOGIA _zUNKNOWN _0COMPRA _o.STAFF. Colección General |
||
| 994 |
_aC0 _bPEPRU |
||
| 596 | _a1 | ||
| 999 |
_a272.2 L77 _wDEWEY _c32432 _i49604 _d32432 _e2018-10-22 _f2021-11-11 _g5 _lCCODEBUL1 _mBUL _n2 _q2 _r0 _sY _tBOOK _u2015-6-24 _xTEOLOGIA _zUNKNOWN _0COMPRA _o.STAFF. Colección General |
||
| 980 |
_81 _gALBERTO SANCHEZ Responsable de Automatización |
||